| 000 | 00801nam a2200241Ia 4500 | ||
|---|---|---|---|
| 003 | OSt | ||
| 005 | 20220923211741.0 | ||
| 006 | a|||||r|||| 00| 0 | ||
| 007 | ta | ||
| 008 | 220922b |||||||| |||| 00| 0 hin d | ||
| 024 | _a46,386 | ||
| 037 | _cTextual | ||
| 040 |
_aARTS _cARTS _bhin |
||
| 041 |
_2hin _ahin |
||
| 082 | _aQ31:21111:g, 152M7 | ||
| 100 | _aजैन, परमेष्ठीदास | ||
| 245 | 0 | _aआचाररांगसूत्र* एकअध्ययन, सागरमल जैन सम्पा | |
| 246 | _aĀchārarāangasūtra: ekaadhyayana, sāgaramal jain sampā0 | ||
| 260 | _c1987 | ||
| 300 |
_a31,177p. _ccm. |
||
| 942 |
_hQ31:21111:g, 152M7 _cTEXL _2CC |
||
| 999 |
_c303154 _d303154 |
||